000 00598nam a2200217 a 4500
999 _c10484
_d10484
001 10484
003 BD-JhCC
005 20180430165750.0
008 180430s1963 usa |||| |||| 000 0 eng d
035 _a(BD-JhCC)10484
040 _aBD-JhCC
_dBD-JhCC
041 _aeng
082 _a823
_bLYN 1963
100 _aLynn, Robert H.
245 _a Joseph Andrews :
_b notes /
_cRobert H. Lynn
260 _aUSA :
_bCliff's notes,
_c1963
300 _a98 p. :
_c19 cm.
504 _aIncludes bibliography
650 _aHistory of the adventures of Joseph Andrews (Fielding, Henry)
942 _2ddc
_cBK